000 00720nam a2200241 4500
001 45039
010 _a9789897843648
021 _b487258/21
090 _a45039
100 _a20220208d2021 c y0pory50030103ba
101 1 _apor
102 _aPT
200 1 _aEstá quase!
_fMaryann Cocca-Leffler
_gtrad. Joana Gonçalves
205 _a1.ª ed.
210 9 _aLisboa
_cNuvem de Letras,
_d2021
215 _a[26] p.
_cil.
_d25 cm
304 _aTít. orig.: The power of yet
675 _a087.5
_vBN
_zpor
700 1 _aCocca-Leffler,
_bMaryann
702 1 _92
_aGon—calves,
_bJoana
_4730
801 0 _aPT
_bBN
_gRPC
856 4 1 _uhttp://rnod.bnportugal.gov.pt/ImagesBN/winlibimg.aspx?skey=&doc=2091905&img=160937&save=true
990 _cLIVROS